| 000 | 01249cam a22003135i 4500 | ||
|---|---|---|---|
| 999 |
_c27137 _d27109 |
||
| 001 | 003527037 | ||
| 003 | OSt | ||
| 005 | 20190213123031.0 | ||
| 008 | 010302|1915||||mau fr ||| d|eng d | ||
| 040 |
_aUk _cUk _beng _dEG-ScBUE |
||
| 082 | 0 | 4 |
_222 _a839.72 _bSTR |
| 100 | 1 |
_aStrindberg, August, _d1849-1912. _930805 |
|
| 240 | 1 | 0 | _aMäster Olof |
| 245 | 1 | 0 |
_aMaster Olof: _ba drama in five acts / _cAugust Strindberg ; [translated from the Swedish with an introduction by Edwin Björkman. From the prose version of 1872]. |
| 264 | 1 |
_aNew York : _bThe American-Scandinavian Foundation, _c1915. |
|
| 300 |
_axxiii, 125 pages ; _c24 cm. |
||
| 336 |
_atext _2rdacontent |
||
| 337 |
_aunmediated _2rdamedia |
||
| 338 |
_avolume _2rdacarrier |
||
| 490 | 0 |
_aScandinavian Classics _vVol. IV |
|
| 580 | _aIn: New York.-American-Scandinavian Foundation. Scandinavian Classics. vol. 4. 1914, etc. 8º. | ||
| 650 | 7 |
_2BUEsh _941996 _aSwedish drama. |
|
| 653 |
_bHHUUEENN _cFebruary2019 |
||
| 700 | 1 |
_aBJÖRKMAN, Edwin August. _etranslator. |
|
| 700 | 1 |
_aStrindberg, August, _d1849-1912. _tSingle Works. |
|
| 886 | 2 |
_2blmarc _a709 _b00 _aBJÖRKMAN _hEdwin August _pAc.8426.f/2. _x0333070267 |
|
| 942 |
_2ddc _cBB |
||